Základy strojnictví : cvičení /

Hlavní autor: Pernica, Jaroslav
Další autoři: Skoupý, Alois
Jazyk: Čeština
Vydáno: Brno : Vysoká škola zemědělská, 1982
Vydání: 1. vyd.
Edice: Učební texty vysokých škol
Témata:
Fyzický popis: 89 s. : il., tb. ; 30 cm
Knihy
Uloženo v:
LEADER 00985nam a22003012a 4500
001 000930178
003 CZ BrMZK
005 20090213082353.0
007 ta
008 090213s1982 xr a er|||||||||||cze d
015 |a cnb000403385 
035 |a (OCoLC)85283509 
040 |a ABA001  |b cze  |c ABA001  |d BOA001 
100 1 |a Pernica, Jaroslav  |7 jx20050602018  |4 aut 
245 1 0 |a Základy strojnictví :  |b cvičení /  |c Jaroslav Pernica, Alois Skoupý 
250 |a 1. vyd. 
260 |a Brno :  |b Vysoká škola zemědělská,  |c 1982 
300 |a 89 s. :  |b il., tb. ;  |c 30 cm 
490 1 |a Učební texty vysokých škol 
521 8 |a Určeno pro posluchače lesnické fakulty 
504 |a Obsahuje bibliografii 
500 |a 511 výt. 
700 1 |a Skoupý, Alois  |7 mzk2004261152  |4 aut 
810 2 |a Vysoká škola zemědělská v Brně.  |t Učební texty vysokých škol  |0 s 
910 |a BOA001  |b 4-0849.211 
964 |a Strojírenství - učebnice - vysoké školy 
990 |a BK 
991 |b 200902